The Amazing Devil - Welly Boots - Lyrics - Statistics

General Stats
  • This quiz has been taken 13 times
  • The average score is 588 of 637
Answer Stats
Answer % Correct
A
100%
a
100%
above
100%
all
100%
along,
100%
am
100%
and
100%
And
100%
are
100%
around
100%
as
100%
ask?
100%
Awake,
100%
awake,
100%
be
100%
bone
100%
books
100%
boots,
100%
boots
100%
children
100%
coming
100%
corners,
100%
cost?
100%
do
100%
don't
100%
fall
100%
falling
100%
fold
100%
from
100%
ghost
100%
hold
100%
how
100%
How
100%
I
100%
(I
100%
I'll
100%
in
100%
is
100%
it
100%
it'll
100%
It’s
100%
it's
100%
It's
100%
I've
100%
just
100%
Just
100%
kind
100%
know
100%
like,
100%
like
100%
long
100%
lost
100%
love
100%
me
100%
me,
100%
mean
100%
much
100%
my
100%
not
100%
of
100%
on
100%
or
100%
raincoat
100%
scarlet
100%
scream
100%
see
100%
snow,
100%
so
100%
soak
100%
storm
100%
Take
100%
That
100%
that
100%
The
100%
the
100%
they
100%
They
100%
though
100%
to
100%
To
100%
to)
100%
us
100%
warned
100%
Wear
100%
welly
100%
What
100%
what
100%
What's
100%
when
100%
When
100%
with
100%
you
100%
you,
100%
You
100%
You'll
100%
you'll
100%
your
100%
Your
100%
you've
100%
about
86%
across
86%
against
86%
ago,
86%
alright
86%
at
86%
back
86%
because
86%
been
86%
behind
86%
behind,
86%
bold
86%
But
86%
by
86%
cannot
86%
care?
86%
carry
86%
Christ,
86%
coast
86%
cold
86%
could
86%
doesn't
86%
down
86%
drunk
86%
enough
86%
every
86%
fair
86%
far
86%
feel
86%
find
86%
for
86%
fuck
86%
give
86%
gone
86%
hard
86%
have,
86%
hear
86%
here?
86%
here
86%
hope
86%
If
86%
if
86%
I'm
86%
into
86%
Jesus
86%
keep
86%
laugh
86%
leave
86%
Left
86%
left
86%
light
86%
look
86%
loud
86%
louder
86%
louder,
86%
make
86%
miss
86%
night
86%
now
86%
off
86%
only
86%
outside
86%
own
86%
picture
86%
Pretending
86%
safe
86%
say
86%
scared
86%
scarf
86%
screaming
86%
sing
86%
someone's
86%
stairs,
86%
standing
86%
step
86%
still
86%
strong
86%
Strong
86%
supposed
86%
than
86%
their
86%
them
86%
there
86%
this
86%
those
86%
time
86%
too
86%
turn
86%
unknown
86%
up
86%
voice
86%
walk
86%
wall
86%
were
86%
who
86%
Will
86%
without
86%
wrap
86%
years
86%
you're
86%
always
71%
begins
71%
brand
71%
break,
71%
Cause
71%
clue,
71%
clue
71%
darling
71%
each
71%
even
71%
fingers
71%
fucking
71%
get
71%
Get
71%
girl,
71%
got
71%
grow
71%
Grow
71%
hands
71%
haven't
71%
head
71%
kick
71%
lawn
71%
lord,
71%
lungs
71%
mistakes
71%
new
71%
Oh
71%
oh
71%
pair
71%
place
71%
proud,
71%
proud
71%
rumble
71%
said
71%
she's
71%
stick
71%
Strong
71%
sung
71%
swear
71%
things
71%
throw
71%
thunder
71%
watch
71%
world
71%
would
71%
wrong
71%
y'know
71%
you'd
71%
young
71%
young,
71%
barefoot
57%
shake
43%
Perched
29%
No matching quizzes found
Score Distribution
Percent of People with Each Score
Percentile by Number Answered
Your Score History
You have not taken this quiz